| 000 | 00359nam a2200133Ia 4500 | ||
|---|---|---|---|
| 008 | 240624s9999 xx 000 0 und d | ||
| 041 | _aeng | ||
| 082 | _a658.314 LAN | ||
| 100 | _aLANDSBERG MAX | ||
| 245 | _aTAO OF MOTIVATION INSPIRE YOURSELF AND O | ||
| 260 |
_c2003 _aLondon _bProfile Books Ltd. |
||
| 300 | _axiii, : 146 : p. : cm. ; 20 | ||
| 365 |
_cRS _b33 |
||
| 999 |
_c10873 _d10873 |
||